| 000 | 00408nam a22001697a 4500 | ||
|---|---|---|---|
| 005 | 20160624095230.0 | ||
| 008 | 160624b xxu||||| |||| 00| 0 eng d | ||
| 020 | _a81-219-0009-3 | ||
| 041 | _aeng | ||
| 082 | _b9675 | ||
| 100 |
_aWren & Marten _92625 |
||
| 245 | _aEnglish Grammer & Composition | ||
| 260 |
_a New Delhi _bSultan Chand & Sons, |
||
| 300 | _a376 | ||
| 650 |
_aManagement _9241 |
||
| 942 | _cBK | ||
| 999 |
_c3748 _d3747 |
||